000
00247nam a2200097Ia 4500
005
20251222175819.0
008
251222s9999||||xx |||||||||||||| ||spa||
082
_a
DVD0070/R71/1995
245
0
_a
Mientras estés conmigo:Dead Man Walking
942
_c
DVD
999
_c
40444
_d
40444